[Event "NOR-chT2"]
[Site "Moss"]
[Date "2005.05.04"]
[Round "1"]
[White "Jensen, Arne Roger"]
[Black "Solberg, Joachim Krokvik"]
[Result "1/2-1/2"]
[WhiteElo "1857"]
[BlackElo "2092"]
[PlyCount "28"]
[EventDate "2005.05.04"]
[EventType "team"]
[EventRounds "5"]
[EventCountry "NOR"]
[SourceTitle "EXT 2007"]
[Source "ChessBase"]
[SourceDate "2006.11.23"]
[SourceVersion "1"]
[SourceVersionDate "2006.11.23"]
[SourceQuality "1"]

1. e4 c5 2. Nf3 e6 3. c3 d5 4. exd5 Qxd5 5. d4 Nc6 6. Be2 cxd4 7. cxd4 Nf6 8. Nc3 Qd8 9. 0-0 Be7 10. h3 0-0 11. Be3 b6 12. Ne5 Bb7 13. Bf3 Nd5 14. Nxd5 exd5 1/2-1/2

[Event "Fredrikstad CC-ch"]
[Site "Fredrikstad"]
[Date "2003.04.23"]
[Round "10"]
[White "Jensen, Arne Roger"]
[Black "Lomo, Markus"]
[Result "1-0"]
[WhiteElo "1955"]
[BlackElo "1854"]
[PlyCount "77"]
[EventDate "2003.01.??"]
[EventType "swiss"]
[EventRounds "11"]
[EventCountry "NOR"]
[SourceTitle "EXT 2005"]
[Source "ChessBase"]
[SourceDate "2004.11.15"]
[SourceVersion "1"]
[SourceVersionDate "2004.11.15"]
[SourceQuality "1"]

1. e4 c6 2. d4 d5 3. e5 Bf5 4. Nc3 Qb6 5. Bd3 Bxd3 6. Qxd3 e6 7. Nge2 Nd7 8. 0-0 c5 9. Na4 Qc7 10. Nxc5 Nxc5 11. dxc5 Bxc5 12. Qg3 f6 13. Bf4 f5 14. c3 Kf7 15. Nd4 Bxd4 16. cxd4 Ne7 17. h4 Nc6 18. Rfd1 Rag8 19. a3 a5 20. Rab1 Qb6 21. b4 axb4 22. axb4 Ra8 23. h5 Ra4 24. h6 g6 25. Qh4 Qd8 26. Bg5 Qd7 27. b5 Na5 28. Bd2 Qe7 29. Qxe7+ Kxe7 30. Bxa5 Rxa5 31. Rdc1 Rd8 32. Rc7+ Rd7 33. Rc8 Rd8 34. Rbc1 Rxc8 35. Rxc8 Rxb5 36. Rh8 Rb4 37. Rxh7+ Kf8 38. Rh8+ Kf7 39. Rb8 1-0

[Event "Fredrikstad CC-ch"]
[Site "Fredrikstad"]
[Date "2003.04.02"]
[Round "6"]
[White "Jensen, Arne Roger"]
[Black "Andersen, Harry"]
[Result "1-0"]
[WhiteElo "1955"]
[BlackElo "1675"]
[PlyCount "117"]
[EventDate "2003.01.??"]
[EventType "swiss"]
[EventRounds "11"]
[EventCountry "NOR"]
[SourceTitle "EXT 2005"]
[Source "ChessBase"]
[SourceDate "2004.11.15"]
[SourceVersion "1"]
[SourceVersionDate "2004.11.15"]
[SourceQuality "1"]

1. e4 e5 2. f4 exf4 3. Nf3 g5 4. Bc4 d6 5. d4 g4 6. 0-0 gxf3 7. Qxf3 Qf6 8. e5 dxe5 9. dxe5 Qb6+ 10. Kh1 Be6 11. Bxe6 fxe6 12. Qxf4 Nd7 13. Qf7+ Kd8 14. Bg5+ Ne7 15. Bf6 Nxf6 16. exf6 Nd5 17. Rd1 Qc6 18. c4 Qxc4 19. Qxe6 Bd6 20. Qxd5 Qxd5 21. Rxd5 Rf8 22. Nc3 Rxf6 23. Ne4 Rh6 24. g3 Kd7 25. Rf1 Rd8 26. Rf7+ Kc6 27. Rd3 a5 28. Rc3+ Kb6 29. Nxd6 Rdxd6 30. Rcxc7 Rd1+ 31. Kg2 Rd2+ 32. Kf3 Rf6+ 33. Rxf6+ Kxc7 34. Rh6 Rxb2 35. Rxh7+ Kc6 36. a4 Rb3+ 37. Ke2 Kd5 38. Rh5+ Ke4 39. Kd2 b6 40. Kc2 Ra3 41. Kb2 Rf3 42. Rh6 Kd4 43. Rxb6 Rf2+ 44. Kb3 Rf3+ 45. Ka2 Kc4 46. Rb2 Re3 47. g4 Re4 48. Rg2 Kd5 49. Kb3 Re3+ 50. Kb2 Re4 51. g5 Rxa4 52. g6 Rb4+ 53. Ka3 Rb8 54. g7 Rg8 55. h4 Ke6 56. h5 Kf6 57. h6 Kf7 58. h7 Rxg7 59. Rf2+ 1-0

[Event "Fredrikstad CC-ch"]
[Site "Fredrikstad"]
[Date "2003.03.26"]
[Round "8"]
[White "Jensen, Arne Roger"]
[Black "Dogani, Avduraim"]
[Result "1-0"]
[WhiteElo "1955"]
[BlackElo "1828"]
[PlyCount "113"]
[EventDate "2003.01.??"]
[EventType "swiss"]
[EventRounds "11"]
[EventCountry "NOR"]
[SourceTitle "EXT 2005"]
[Source "ChessBase"]
[SourceDate "2004.11.15"]
[SourceVersion "1"]
[SourceVersionDate "2004.11.15"]
[SourceQuality "1"]

1. e4 e5 2. f4 d5 3. exd5 Nf6 4. Bb5+ c6 5. dxc6 bxc6 6. fxe5 Nd5 7. Be2 Bc5 8. Nf3 Bg4 9. c3 Nd7 10. d4 Bb6 11. Ng5 Be6 12. Nxe6 fxe6 13. 0-0 Qh4 14. g3 Qe7 15. c4 Nb4 16. a3 Bxd4+ 17. Qxd4 Nc2 18. Qc3 Qc5+ 19. Kh1 Nxa1 20. b4 Qxe5 21. Qxe5 Nxe5 22. Bb2 Rf8 23. Kg1 Rxf1+ 24. Kxf1 Nxc4 25. Bxc4 Nc2 26. Ke2 Rd8 27. Bxg7 Kf7 28. Bc3 Nd4+ 29. Bxd4 Rxd4 30. Nd2 Kf6 31. Ke3 Rd8 32. Ne4+ Kf5 33. Nc5 Rd1 34. Bxe6+ Ke5 35. Bb3 Re1+ 36. Kd3 h5 37. Bf7 Rh1 38. Bxh5 Rxh2 39. Be2 Rg2 40. Ne4 Rg1 41. Nc3 Rxg3+ 42. Kc4 Rh3 43. a4 Kd6 44. Ne4+ Kc7 45. Bd3 Rh1 46. Nd2 Kd6 47. Be4 Rc1+ 48. Kb3 Re1 49. Nc4+ Kc7 50. Bd3 Rg1 51. Kc3 Rc1+ 52. Kd4 Rh1 53. Be4 Ra1 54. a5 Rg1 55. Bf3 Rf1 56. Ne5 Kd6 57. Nc4+ 1-0

[Event "Ostfold-ch"]
[Site "Moss"]
[Date "2003.03.02"]
[Round "6"]
[White "Jensen, Arne Roger"]
[Black "Spillum, Jahn"]
[Result "1/2-1/2"]
[WhiteElo "1955"]
[BlackElo "1800"]
[PlyCount "23"]
[EventDate "2003.03.01"]
[EventType "swiss"]
[EventRounds "6"]
[EventCountry "NOR"]
[SourceTitle "EXT 2008"]
[Source "ChessBase"]
[SourceDate "2007.11.25"]
[SourceVersion "1"]
[SourceVersionDate "2007.11.25"]
[SourceQuality "1"]

1. e4 c6 2. Nc3 d5 3. Nf3 dxe4 4. Nxe4 Bg4 5. h3 Bh5 6. Ng3 Bxf3 7. Qxf3 e6 8. b3 Nf6 9. Bb2 Be7 10. Bd3 Nbd7 11. 0-0 Nc5 12. Ne4 1/2-1/2

[Event "NOR-chT east 0203"]
[Site "Norway"]
[Date "2003.01.18"]
[Round "4"]
[White "Thorgersen, Trond M"]
[Black "Jensen, Arne Roger"]
[Result "1/2-1/2"]
[WhiteElo "1987"]
[BlackElo "1955"]
[PlyCount "20"]
[EventDate "2002.11.09"]
[EventType "team-swiss"]
[EventRounds "9"]
[EventCountry "NOR"]
[SourceTitle "EXT 2009"]
[Source "ChessBase"]
[SourceDate "2008.11.26"]
[SourceVersion "1"]
[SourceVersionDate "2008.11.26"]
[SourceQuality "1"]

1. e4 c5 2. c3 Nf6 3. e5 Nd5 4. d4 cxd4 5. Nf3 e6 6. cxd4 b6 7. Nc3 Nxc3 8. bxc3 Qc7 9. Be2 d6 10. 0-0 Nd7 1/2-1/2

[Event "John Dahlgren Memorial"]
[Site "Sarpsborg"]
[Date "2002.09.13"]
[Round "4"]
[White "Jensen, Arne Roger"]
[Black "Kristiansen, Espen"]
[Result "1-0"]
[WhiteElo "1955"]
[BlackElo "1140"]
[PlyCount "41"]
[EventDate "2002.08.??"]
[EventType "swiss"]
[EventRounds "12"]
[EventCountry "NOR"]
[SourceTitle "EXT 2005"]
[Source "ChessBase"]
[SourceDate "2004.11.15"]
[SourceVersion "1"]
[SourceVersionDate "2004.11.15"]
[SourceQuality "1"]

1. e4 c6 2. Nc3 d5 3. Nf3 Bg4 4. h3 Bh5 5. exd5 cxd5 6. Bb5+ Nc6 7. g4 Bg6 8. Ne5 e6 9. Nxc6 bxc6 10. Bxc6+ Ke7 11. Bxa8 Qxa8 12. d4 Nf6 13. Bg5 h6 14. Bh4 Ke8 15. Qe2 Bb4 16. Qb5+ Kd8 17. Bxf6+ gxf6 18. Qxb4 Bxc2 19. Qd6+ Ke8 20. Rc1 Be4 21. Nb5 1-0

[Event "Fredrikstad Hostturnering"]
[Site "Fredrikstad"]
[Date "2002.08.22"]
[Round "3"]
[White "Lomo, Markus"]
[Black "Jensen, Arne Roger"]
[Result "1/2-1/2"]
[WhiteElo "1831"]
[BlackElo "1955"]
[PlyCount "64"]
[EventDate "2002.09.??"]
[EventType "swiss"]
[EventRounds "9"]
[EventCountry "NOR"]
[SourceTitle "EXT 2005"]
[Source "ChessBase"]
[SourceDate "2004.11.15"]
[SourceVersion "1"]
[SourceVersionDate "2004.11.15"]
[SourceQuality "1"]

1. d4 f5 2. g3 Nf6 3. Bg2 e6 4. Nf3 Be7 5. 0-0 0-0 6. c4 d6 7. Nc3 Qe8 8. Qb3 Kh8 9. Nd2 c6 10. e4 e5 11. dxe5 dxe5 12. exf5 Qh5 13. Re1 Nbd7 14. Nde4 Nxe4 15. Nxe4 Rxf5 16. Be3 Nf6 17. Nxf6 Rxf6 18. Rad1 b6 19. Qa4 Bg4 20. Rc1 Bc5 21. Bxc5 bxc5 22. Qa3 Bf3 23. Bxf3 Rxf3 24. Rc3 Rxf2 25. Kxf2 Qxh2+ 26. Ke3 Qxg3+ 27. Kd2 Qf4+ 28. Ree3 e4 29. Qa5 Rf8 30. Kc2 Qh2+ 31. Kb1 Qg1+ 32. Kc2 Qh2+ 1/2-1/2

[Event "Fredrikstad CC-ch"]
[Site "Fredrikstad"]
[Date "2002.03.13"]
[Round "6"]
[White "Jensen, Arne Roger"]
[Black "Dogani, Avduraim"]
[Result "0-1"]
[WhiteElo "1905"]
[BlackElo "1770"]
[PlyCount "86"]
[EventDate "2002.01.??"]
[EventType "swiss"]
[EventRounds "11"]
[EventCountry "NOR"]
[SourceTitle "EXT 2005"]
[Source "ChessBase"]
[SourceDate "2004.11.15"]
[SourceVersion "1"]
[SourceVersionDate "2004.11.15"]
[SourceQuality "1"]

1. e4 e5 2. f4 d5 3. exd5 Nf6 4. fxe5 Nxd5 5. Nf3 Bg4 6. d4 c5 7. Bb5+ Nc6 8. Bxc6+ bxc6 9. 0-0 Be7 10. c4 Nb6 11. b3 cxd4 12. h3 Bh5 13. g4 Bg6 14. Qxd4 Qc7 15. Bb2 Rd8 16. Qf2 Rd3 17. Nbd2 0-0 18. Rae1 Rfd8 19. Ne4 Nd7 20. Kh1 Nf8 21. Nd6 Ne6 22. c5 Rd5 23. b4 Nf4 24. Rd1 Nd3 25. Qe2 Qd7 26. Bc3 h5 27. Nh2 hxg4 28. Nxg4 Bxd6 29. cxd6 Qe6 30. Qf3 R5xd6 31. Kh2 Rd5 32. Ne3 Nxe5 33. Qg3 Rxd1 34. Rxd1 Qxa2+ 35. Qg2 Qxg2+ 36. Kxg2 Nd3 37. Kg3 Re8 38. Ng2 Re2 39. Ra1 Be4 40. Ne1 Re3+ 41. Kh2 Nf4 42. Bd4 Rxh3+ 43. Kg1 Ne2+ 0-1

[Event "Fredrikstad CC-ch"]
[Site "Fredrikstad"]
[Date "2002.03.06"]
[Round "7"]
[White "Ludvigsen, Jan Helge"]
[Black "Jensen, Arne Roger"]
[Result "0-1"]
[WhiteElo "1563"]
[BlackElo "1905"]
[PlyCount "102"]
[EventDate "2002.01.??"]
[EventType "swiss"]
[EventRounds "11"]
[EventCountry "NOR"]
[SourceTitle "EXT 2005"]
[Source "ChessBase"]
[SourceDate "2004.11.15"]
[SourceVersion "1"]
[SourceVersionDate "2004.11.15"]
[SourceQuality "1"]

1. e4 c5 2. Nf3 Nc6 3. Bb5 e6 4. 0-0 a6 5. Bxc6 bxc6 6. d3 d5 7. e5 Ne7 8. Re1 Nf5 9. Nbd2 Be7 10. Nf1 0-0 11. b3 a5 12. a4 Ba6 13. Ne3 Nd4 14. h3 Rb8 15. Nxd4 cxd4 16. Ng4 Bb4 17. Rf1 Qh4 18. f4 c5 19. f5 exf5 20. Rxf5 Bc8 21. Bg5 Qg3 22. Rf3 Bxg4 23. Rxg3 Bxd1 24. Rxd1 Kh8 25. Rf1 Rbe8 26. Rf5 h6 27. Bf4 Re6 28. Rf3 Kg8 29. g4 c4 30. Kh2 cxb3 31. cxb3 Rb6 32. g5 hxg5 33. Bxg5 Bc5 34. Bf6 Rc8 35. Rg3 Bf8 36. Rh5 Rc2+ 37. Kh1 Rxb3 38. Rhg5 Rb1+ 39. Rg1 Rxg1+ 40. Rxg1 Ra2 41. e6 fxe6 42. Bxd4 Rxa4 43. Be5 Ra3 44. Rd1 Be7 45. Kg2 Bf6 46. Bd6 Ra2+ 47. Kf3 a4 48. Kg4 a3 49. Kh5 Rg2 50. h4 g6+ 51. Kh6 Bg7# 0-1

[Event "Fredrikstad CC-ch"]
[Site "Fredrikstad"]
[Date "2002.02.27"]
[Round "5"]
[White "Andersen, Harry"]
[Black "Jensen, Arne Roger"]
[Result "0-1"]
[WhiteElo "1738"]
[BlackElo "1905"]
[PlyCount "70"]
[EventDate "2002.01.??"]
[EventType "swiss"]
[EventRounds "11"]
[EventCountry "NOR"]
[SourceTitle "EXT 2005"]
[Source "ChessBase"]
[SourceDate "2004.11.15"]
[SourceVersion "1"]
[SourceVersionDate "2004.11.15"]
[SourceQuality "1"]

1. e4 c6 2. d4 d5 3. e5 Bf5 4. Nc3 e6 5. g4 Bg6 6. Nge2 c5 7. f4 cxd4 8. Qxd4 Bxc2 9. Ng3 Nc6 10. Bb5 Nge7 11. Qd2 Bg6 12. Qf2 d4 13. Nce4 Bxe4 14. Nxe4 Nd5 15. 0-0 Qb6 16. Ba4 Ne3 17. Bxe3 dxe3 18. Qe2 Be7 19. Rf3 0-0 20. Rh3 Nd4 21. Qd3 g6 22. Kh1 e2 23. Nf6+ Bxf6 24. exf6 Qxb2 25. Re1 Qb4 26. Qg3 Qxa4 27. Rxh7 Kxh7 28. Qh4+ Kg8 29. Qh6 Nf5 30. gxf5 Qe4+ 31. Kg1 Qd4+ 32. Kh1 Qxf6 33. fxg6 fxg6 34. Rxe2 Rac8 35. h4 Rc7 0-1

[Event "Fredrikstad op"]
[Site "Fredrikstad"]
[Date "2001.11.28"]
[Round "7"]
[White "Dogani, Avduraim"]
[Black "Jensen, Arne Roger"]
[Result "0-1"]
[WhiteElo "1780"]
[BlackElo "1916"]
[PlyCount "90"]
[EventDate "2001.08.??"]
[EventType "swiss"]
[EventRounds "9"]
[EventCountry "NOR"]
[SourceTitle "EXT 2005"]
[Source "ChessBase"]
[SourceDate "2004.11.15"]
[SourceVersion "1"]
[SourceVersionDate "2004.11.15"]
[SourceQuality "1"]

1. e4 c5 2. Nf3 Nc6 3. d4 cxd4 4. Nxd4 Nf6 5. Nc3 e5 6. Ndb5 d6 7. a4 a6 8. Na3 Be6 9. Bg5 Rc8 10. Nd5 Bxd5 11. exd5 Qa5+ 12. Bd2 Qxd5 13. Nc4 Nd4 14. c3 Rxc4 15. Bxc4 Qxg2 16. cxd4 Qxh1+ 17. Bf1 Qe4+ 18. Be3 Be7 19. Qd3 Qh4 20. 0-0-0 0-0 21. Bg2 e4 22. Qb3 Qxh2 23. Qxb7 Qxg2 24. Qxe7 Nd5 25. Qb7 Nxe3 26. fxe3 Qe2 27. Rd2 Qxe3 28. Qxa6 f5 29. Qxd6 Qe1+ 30. Kc2 e3 31. Rg2 Rc8+ 32. Kb3 Qd1+ 33. Ka3 Qd3+ 34. b3 Qc3 35. Ka2 Qc6 36. Qg3 g6 37. Re2 Re8 38. Kb2 Qe4 39. d5 Qxd5 40. Qf4 Qd3 41. Rh2 e2 42. Qc7 Qd4+ 43. Ka2 h6 44. Qc6 e1Q 45. Qxg6+ Qg7 0-1

[Event "Sarpsborg op"]
[Site "Sarpsborg"]
[Date "2001.11.23"]
[Round "10"]
[White "Fjellengen, Bard"]
[Black "Jensen, Arne Roger"]
[Result "0-1"]
[WhiteElo "1774"]
[BlackElo "1916"]
[PlyCount "84"]
[EventDate "2001.08.??"]
[EventType "swiss"]
[EventRounds "12"]
[EventCountry "NOR"]
[SourceTitle "EXT 2005"]
[Source "ChessBase"]
[SourceDate "2004.11.15"]
[SourceVersion "1"]
[SourceVersionDate "2004.11.15"]
[SourceQuality "1"]

1. d4 Nf6 2. Nf3 c5 3. d5 b5 4. Bg5 Qb6 5. e3 Bb7 6. Bxf6 gxf6 7. Nc3 a6 8. a4 b4 9. a5 Qc7 10. Ne4 f5 11. d6 Qc6 12. dxe7 Bxe7 13. Ng3 Qf6 14. Qc1 h5 15. Bd3 h4 16. Nxf5 h3 17. e4 hxg2 18. Rg1 c4 19. e5 Qc6 20. Be2 Rg8 21. Qf4 c3 22. b3 Qe4 23. Qxe4 Bxe4 24. Nxe7 Kxe7 25. Nd4 Nc6 26. Bf3 Bxf3 27. Nxf3 Rab8 28. Nh4 Nxe5 29. Ke2 Rg4 30. Nf5+ Kf6 31. Ne3 Rd4 32. Rad1 Rxd1 33. Kxd1 Rb5 34. Rxg2 Rxa5 35. Rg8 Nc6 36. Ke2 d5 37. Rc8 Nd4+ 38. Kd3 Nf3 39. Rb8 d4 40. Nc4 Ne1+ 41. Ke2 d3+ 42. Kxe1 dxc2 0-1

[Event "Fredrikstad op"]
[Site "Fredrikstad"]
[Date "2001.11.21"]
[Round "8"]
[White "Jensen, Arne Roger"]
[Black "Saether, Lars"]
[Result "1-0"]
[WhiteElo "1916"]
[BlackElo "1495"]
[PlyCount "43"]
[EventDate "2001.08.??"]
[EventType "swiss"]
[EventRounds "9"]
[EventCountry "NOR"]
[SourceTitle "EXT 2005"]
[Source "ChessBase"]
[SourceDate "2004.11.15"]
[SourceVersion "1"]
[SourceVersionDate "2004.11.15"]
[SourceQuality "1"]

1. e4 e5 2. Bc4 Bc5 3. Nf3 Nc6 4. c3 Nf6 5. d4 exd4 6. cxd4 Bb4+ 7. Nc3 Nxe4 8. 0-0 Bxc3 9. d5 0-0 10. bxc3 Na5 11. Bd3 Nc5 12. Bc2 Qf6 13. Bg5 Qd6 14. Re1 f6 15. Bh4 Na6 16. Qd3 g6 17. Bg3 Qc5 18. d6 c6 19. Re7 b5 20. Rxh7 f5 21. Be5 Qc4 22. Rg7+ 1-0

[Event "Sarpsborg CC-ch"]
[Site "Sarpsborg"]
[Date "2001.10.19"]
[Round "6"]
[White "Ingvaldsen, Jonas A"]
[Black "Jensen, Arne Roger"]
[Result "0-1"]
[WhiteElo "1712"]
[BlackElo "1916"]
[PlyCount "44"]
[EventDate "2001.??.??"]
[EventType "swiss"]
[EventRounds "11"]
[EventCountry "NOR"]
[SourceTitle "EXT 2005"]
[Source "ChessBase"]
[SourceDate "2004.11.15"]
[SourceVersion "1"]
[SourceVersionDate "2004.11.15"]
[SourceQuality "1"]

1. e4 d6 2. d4 g6 3. Nc3 Bg7 4. Be3 c6 5. f4 Nf6 6. Bd3 Ng4 7. Qe2 Nxe3 8. Qxe3 Qb6 9. Nge2 e5 10. Nd1 exd4 11. Qd2 0-0 12. 0-0 c5 13. Kh1 Nc6 14. f5 Ne5 15. f6 Bh8 16. Qg5 Be6 17. Nf2 c4 18. Nf4 cxd3 19. cxd3 Qd8 20. Nh5 Nd7 21. Ng4 Bxg4 22. Qxg4 Nxf6 0-1

[Event "Sarpsborg CC-ch"]
[Site "Sarpsborg"]
[Date "2001.10.19"]
[Round "7"]
[White "Jensen, Arne Roger"]
[Black "Solberg, Joachim Krokvik"]
[Result "1-0"]
[WhiteElo "1916"]
[BlackElo "2039"]
[PlyCount "50"]
[EventDate "2001.??.??"]
[EventType "swiss"]
[EventRounds "11"]
[EventCountry "NOR"]
[SourceTitle "EXT 2005"]
[Source "ChessBase"]
[SourceDate "2004.11.15"]
[SourceVersion "1"]
[SourceVersionDate "2004.11.15"]
[SourceQuality "1"]

1. e4 c5 2. Nf3 e6 3. b3 Nc6 4. Bb2 d5 5. exd5 Qxd5 6. Nc3 Qd8 7. Bb5 Bd7 8. 0-0 Nf6 9. Bxc6 Bxc6 10. Ne5 Rc8 11. Nxc6 Rxc6 12. d4 cxd4 13. Nb5 Bc5 14. Nxd4 Bxd4 15. Bxd4 a6 16. c3 0-0 17. Qf3 Qd5 18. Qg3 Qf5 19. Rfe1 Qg6 20. Qh4 Rd8 21. Re3 Kh8 22. Rg3 Qf5 23. Rf3 Rxd4 24. Qxd4 Qd5 25. Qxd5 exd5 1-0

[Event "Fredrikstad op"]
[Site "Fredrikstad"]
[Date "2001.09.12"]
[Round "3"]
[White "Jensen, Arne Roger"]
[Black "Andersen, Harry"]
[Result "1/2-1/2"]
[WhiteElo "1916"]
[BlackElo "1687"]
[PlyCount "120"]
[EventDate "2001.08.??"]
[EventType "swiss"]
[EventRounds "9"]
[EventCountry "NOR"]
[SourceTitle "EXT 2005"]
[Source "ChessBase"]
[SourceDate "2004.11.15"]
[SourceVersion "1"]
[SourceVersionDate "2004.11.15"]
[SourceQuality "1"]

1. e4 e5 2. Nf3 Nc6 3. Bb5 Bc5 4. c3 Nf6 5. 0-0 0-0 6. d4 Bb6 7. Bg5 h6 8. Bxf6 Qxf6 9. Bxc6 Qxc6 10. Nxe5 Qxe4 11. Nd2 Qf5 12. Ndc4 d5 13. Nxb6 axb6 14. Qd3 f6 15. Qxf5 Bxf5 16. Nf3 Rfe8 17. Rfe1 Bg4 18. Rxe8+ Rxe8 19. Re1 Ra8 20. a3 Bxf3 21. gxf3 Kf7 22. Kg2 Re8 23. Re3 f5 24. Kg3 g5 25. Rxe8 Kxe8 26. f4 g4 27. f3 gxf3 28. Kxf3 c5 29. b3 cxd4 30. c4 dxc4 31. bxc4 b5 32. cxb5 Kd7 33. Ke2 Kd6 34. Kd3 Kc5 35. b6 h5 36. h4 Kd5 37. a4 Kc5 38. a5 Kb5 39. Kxd4 Kxa5 40. Ke5 Kxb6 41. Kxf5 Kc7 42. Kg6 b5 43. f5 b4 44. f6 b3 45. f7 b2 46. f8Q b1Q+ 47. Kxh5 Qd1+ 48. Kh6 Kd7 49. Qf7+ Kd8 50. h5 Qd6+ 51. Kg7 Qg3+ 52. Qg6 Qc7+ 53. Kg8 Qc4+ 54. Kh8 Ke7 55. Qg7+ Qf7 56. h6 Ke8 57. h7 Ke7 58. Qe5+ Kd7 59. Qd4+ Ke7 60. Qd6+ Kxd6 1/2-1/2

[Event "Fredrikstad op"]
[Site "Fredrikstad"]
[Date "2001.09.05"]
[Round "2"]
[White "Nilsen, Kai"]
[Black "Jensen, Arne Roger"]
[Result "0-1"]
[WhiteElo "1529"]
[BlackElo "1916"]
[PlyCount "62"]
[EventDate "2001.08.??"]
[EventType "swiss"]
[EventRounds "9"]
[EventCountry "NOR"]
[SourceTitle "EXT 2005"]
[Source "ChessBase"]
[SourceDate "2004.11.15"]
[SourceVersion "1"]
[SourceVersionDate "2004.11.15"]
[SourceQuality "1"]

1. e4 c5 2. Nf3 e6 3. d4 cxd4 4. Nxd4 Nf6 5. Nc3 Nc6 6. Be2 Bb4 7. f3 0-0 8. a3 Bc5 9. Nxc6 bxc6 10. Bg5 e5 11. Qd2 Rb8 12. b4 Be7 13. Bxf6 Bxf6 14. Bd3 a5 15. b5 cxb5 16. Bxb5 d5 17. a4 d4 18. Nd5 Bg5 19. Qe2 Be6 20. c4 dxc3 21. Nxc3 Qd4 22. Qb2 Rfd8 23. Nd1 Bd2+ 24. Kf1 Rxb5 25. Qxd4 Rxd4 26. axb5 Bc4+ 27. Kg1 Bxb5 28. g3 h6 29. Kg2 a4 30. Nb2 Bc3 31. Rhb1 Rd2+ 0-1

[Event "Sarpsborg CC-ch"]
[Site "Sarpsborg"]
[Date "2001.03.16"]
[Round "10"]
[White "Fjellengen, Bard"]
[Black "Jensen, Arne Roger"]
[Result "0-1"]
[WhiteElo "1774"]
[BlackElo "1863"]
[PlyCount "76"]
[EventDate "2001.??.??"]
[EventType "swiss"]
[EventRounds "11"]
[EventCountry "NOR"]
[SourceTitle "EXT 2005"]
[Source "ChessBase"]
[SourceDate "2004.11.15"]
[SourceVersion "1"]
[SourceVersionDate "2004.11.15"]
[SourceQuality "1"]

1. d4 Nf6 2. Nf3 c5 3. e3 cxd4 4. exd4 g6 5. Bd3 d6 6. 0-0 Bg7 7. Na3 0-0 8. Nc4 Nc6 9. c3 Bg4 10. Be2 d5 11. Ne3 Bxf3 12. Bxf3 e6 13. b3 Qa5 14. Bb2 b5 15. c4 bxc4 16. bxc4 Rab8 17. Qe2 Qb6 18. cxd5 exd5 19. Nxd5 Qxb2 20. Qxb2 Rxb2 21. Nxf6+ Bxf6 22. Bxc6 Bxd4 23. Rad1 Rd8 24. a4 Bxf2+ 25. Kh1 Rdd2 26. Rxd2 Rxd2 27. Bb5 h5 28. g3 f5 29. Rc1 h4 30. gxh4 Be3 31. Rc8+ Kg7 32. Rc4 Kh6 33. Bc6 Rf2 34. h3 Kh5 35. Be8 f4 36. Rc6 f3 37. Bxg6+ Kxh4 38. Rc4+ Kg3 0-1